000 00771nam a2200241Ia 4500
003 GCL
008 140319s9999 xx 000 0 ara d
040 _aGCL /
_cGCL
082 0 4 _a155.4
_bف ت
100 1 _aنظمى لوقا
245 1 0 _aالتطور السيكولوجى للطفل /
_cنظمى لوقا
700 1 _aفالون، هنرى
260 _aالقاهرة :
_bدار نهضة مصر للطبع والنشر ،
_c1978
300 _a150 ص ؛
_c24 سم
650 0 4 _aالاطفال
650 0 4 _aرياض الاطفال
650 0 4 _aعلم النفس
650 0 4 _aعلم النفس التربوى
650 0 4 _aالمراهقة
650 0 4 _aالرعاية الذهنية
650 0 4 _aالاطفال الموهوبون
942 _2ddc
_cBK
999 _c31292
_d31292